Giáo trình tiếng Việt; T2

Zapisane w:
Opis bibliograficzny
1. autor: Trịnh Mạnh
Format: Książka
Język:Undetermined
Wydane: Hà Nội Giáo Dục 1977
Hasła przedmiotowe:
Etykiety: Dodaj etykietę
Nie ma etykietki, Dołącz pierwszą etykiete!
Thư viện lưu trữ: Trung tâm Học liệu Trường Đại học Cần Thơ
LEADER 00489nam a2200169Ia 4500
001 CTU_48075
008 210402s9999 xx 000 0 und d
082 |a 495.922 
082 |b M107/T2/1977 
100 |a Trịnh Mạnh 
245 0 |a Giáo trình tiếng Việt; T2 
245 0 |c Trịnh Mạnh 
260 |a Hà Nội 
260 |b Giáo Dục 
260 |c 1977 
650 |a vietnamese language - study and teaching 
980 |a Trung tâm Học liệu Trường Đại học Cần Thơ